000 00647nam a2200169 a 4500
001 000026394
005 20200930030212.0
008 110316s1995 dr a 000 0 spa d
040 _aDO-SdBNP
_bspa
_cBNPHU
082 _axxx
_bQ8h
100 1 _aQuiterio Benítez, Gisela
_953428
245 1 4 _aLos hogares en República Dominicana :
_bcambios de las condiciones sociodemográficas y económicas 1981-1991 /
_cGisela Quiterio Benítez.
260 _aSanto Domingo :
_bSecretariado Técnico de la Presidencia ;
_bOficina Nacional de Planificación,
_c1995.
300 _a58 p. :
_bgraf. ;
_c28 cm.
504 _aBibliografía : p. 43-46
049 _aBNPD
999 _c25886
_d25886